| 000 | 01906cam a2200517Ii 4500 | ||
|---|---|---|---|
| 001 | 994575758 | ||
| 003 | OCoLC | ||
| 005 | 20240220152833.0 | ||
| 008 | 160826s2017 vraa 000 0 eng d | ||
| 020 | _a9781864706994 | ||
| 020 | _a1864706996 | ||
| 035 | _a(OCoLC)994575758 | ||
| 040 |
_aYDX _beng _erda _erda _cYDX _dOCLCO _dOCLCF _dORU _dNYP |
||
| 049 | _aNYPP | ||
| 050 | 4 |
_aNA997.H23 _bA4 2017 |
|
| 082 | 0 | 4 |
_a720.922 _223 _bZAH |
| 110 | 2 |
_aZaha Hadid Architects, _eauthor. _9120871 |
|
| 245 | 1 | 0 |
_aZaha Hadid Architects : _bredefining architecture & design. |
| 260 |
_bImages Pub; _c2017. |
||
| 300 |
_a283 pages : _billustrations (chiefly color) ; _c34 cm. |
||
| 490 | 1 | _aLeading architects of the world. | |
| 610 | 2 | 0 |
_aZaha Hadid Architects _vCatalogs. _9120872 |
| 610 | 2 | 7 |
_aZaha Hadid Architects. _2fast _9120871 |
| 648 | 7 |
_a1900-2099 _2fast. _9120873 |
|
| 650 | 0 |
_aArchitecture, Modern _y20th century _vCatalogs. _9120874 |
|
| 650 | 0 |
_aArchitecture, Modern _y21st century _vCatalogs. _9120875 |
|
| 650 | 0 |
_aArchitecture, Domestic _vPictorial works. _9120876 |
|
| 650 | 0 |
_aPublic architecture _vPictorial works. _9120877 |
|
| 650 | 0 |
_aDecoration and ornament, Architectural _vPictorial works. _9120878 |
|
| 650 | 7 |
_aArchitecture, Domestic. _2fast _910084 |
|
| 650 | 7 |
_aArchitecture, Modern. _2fast _932028 |
|
| 650 | 7 |
_aDecoration and ornament, Architectural. _2fast _9118713 |
|
| 650 | 7 |
_aPublic architecture. _2fast _910087 |
|
| 655 | 7 |
_aCatalogs. _2fast _998425 |
|
| 655 | 7 |
_aPictorial works. _2fast _981105 |
|
| 830 | 0 |
_aLeading architects of the world. _9120879 |
|
| 901 | _aMARS | ||
| 901 |
_atas _bCATRL |
||
| 908 | 4 | _aNA997.H23 | |
| 942 |
_2ddc _cREF _aSADA _kREF 720.922 ZAH 2017 |
||
| 945 | _a.b213201872 | ||
| 946 | _am | ||
| 949 | 1 |
_z8528 _aJQG 17-1154 _i33433122364445 _lmab82 _sb _t002 _h33 _o1 _vCATRL/tas |
|
| 999 |
_c607917 _d607917 |
||